ბათუმის შოთა რუსთაველის სახელმწიფო უნივერსიტეტის ბიბლიოთეკა

საერთაშორისო მარკეტინგი : (ბიბ.ჩანაწერი № 50648)

000 -ლიდერი
ფიქსირებული სიგრძის საკონტროლო ველი 01956nam a2200301Ia 4500
001 - საკონტროლო ნომერი
საკონტროლო ველი 17598
003 - საკონტროლო ნომრის იდენტიფიკატორი
საკონტროლო ველი GE_BSU
005 - ბოლო ოპერაციის თარიღი და დრო
საკონტროლო ველი 20200220113025.0
008 - ფიქსირებული სიგრძის მონაცემთა ელემენტები - ზოგადი ინფორმაცია
ფიქსირებული სიგრძის საკონტროლო ველი 181216s2012 xx |||||||||||||| ||geo||
020 ## - წიგნის საერთაშორისო სტანდარტული ნომერი
International Standard Book Number 9789941177958
040 ## - კატალოგიზაციის წყარო
Transcribing agency GE_BSU
041 ## - ენის კოდი
Language code of text/sound track or separate title geo
080 ## - უნივერსალური ათობითი კლასიფიკაციის ინდექსი
Universal Decimal Classification number 339.138(075.8) ს-15
245 ## - ცნობა სათაურის შესახებ
Title საერთაშორისო მარკეტინგი :
Remainder of title სახელმძღვანელო უმაღლესი სასწავლებლის სტუდენტებისათვის /
Statement of responsibility, etc გ. შუბლაძე ; მ. ნანიტაშვილი ; ნ. კაციტაძე ; მ. სეთური ; ნ.კირკვალიძე ; რედ. გ.შუბლაძე .
264 ## - წარმოების, გამოცემის, დისტრიბუციის და სხვა ცნობები
გამოცემის, წარმოების, დისტრიბუციის... ადგილი თბილისი :
გამოცემის, წარმოების, დისტრიბუციის... სახელწოდება უნივერსალი,
გამოცემის, წარმოების, დისტრიბუციის... თარიღი 2012.
300 ## - ფიზიკური აღწერა
Extent 416 გვ ;
Dimensions 20 სმ.
504 ## - BIBLIOGRAPHY, ETC. NOTE
Bibliography, etc ბიბლიოგრ.: გვ. 414-416
653 ## - INDEX TERM--UNCONTROLLED
Uncontrolled term ეკონომიკა
653 ## - INDEX TERM--UNCONTROLLED
Uncontrolled term ეკონომიკისა და ბიზნესის ინტერნაციონალიზაცია და გლობალიზაცია,საერთაშორისო მარკეტინგის თანამედროვე კონცეფცია,საერთაშორისო მარკეტინგული გარემო,საერთაშორისო ბიზნესის მარკეტინგული კვლევა.
653 ## - INDEX TERM--UNCONTROLLED
Uncontrolled term საერთაშორისო მარკეტინგი
700 ## - ADDED ENTRY--PERSONAL NAME
Personal name შუბლაძე, გ.
9 (RLIN) 7210
700 ## - ADDED ENTRY--PERSONAL NAME
Personal name ნანიტაშვილი, მ.
9 (RLIN) 7211
700 ## - ADDED ENTRY--PERSONAL NAME
Personal name კაციტაძე, ნ.
9 (RLIN) 7212
700 ## - ADDED ENTRY--PERSONAL NAME
Personal name სეთური, მ.
9 (RLIN) 7213
700 ## - ADDED ENTRY--PERSONAL NAME
Personal name კირკვალიძე, ნ.
9 (RLIN) 7214
700 ## - ADDED ENTRY--PERSONAL NAME
Personal name შუბლაძე, გ.
Relator term რედაქტორი
9 (RLIN) 7210
942 ## - ADDED ENTRY ELEMENTS (KOHA)
Koha item type წიგნი
Source of classification or shelving scheme
ეგზემპლარები
ჩამოწერის სტატუსი დაკარგული ეგზემპლარის სტატუსი კლასიფიკაციის წყარო ან თაროზე გაწყობის სქემა დაზიანების სტატუსი არ გაიცემა მუდმივი მდებარეობა (დაცვის ადგილი) ამჟამინდელი ადგილსამყოფელი თაროზე განთავსების ადგილი შეძენის თარიღი ღირებულება, შესყიდვის ნორმალური ფასი სრული შენახვის შიფრი შტრიხკოდი ბოლო ოპერაციის თარიღი ეგზემპლარის მიმდევრობითი ნომერი (კეტერი?) ფასის ძალაში შესვლის თარიღი ეგზემპლარის სახეობა საჯარო შენიშვნა
          ბათუმის შოთა რუსთაველის სახელმწიფო უნივერსიტეტის მთავარი ბიბლიოთეკა ბათუმის შოთა რუსთაველის სახელმწიფო უნივერსიტეტის მთავარი ბიბლიოთეკა წიგნსაცავი 2018-12-17 20.00 339.138(075.8) ს-15 45611 2018-12-17 45611 2018-12-17 წიგნი 20.00
          ბათუმის შოთა რუსთაველის სახელმწიფო უნივერსიტეტის მთავარი ბიბლიოთეკა ბათუმის შოთა რუსთაველის სახელმწიფო უნივერსიტეტის მთავარი ბიბლიოთეკა წიგნსაცავი 2018-12-17 20.00 339.138(075.8) ს-15 55354 2018-12-17 55354 2018-12-17 წიგნი 20ლ.
          ბათუმის შოთა რუსთაველის სახელმწიფო უნივერსიტეტის მთავარი ბიბლიოთეკა ბათუმის შოთა რუსთაველის სახელმწიფო უნივერსიტეტის მთავარი ბიბლიოთეკა წიგნსაცავი 2018-12-17 20.00 339.138(075.8) ს-15 55355 2018-12-17 55355 2018-12-17 წიგნი 20ლ.
          ბათუმის შოთა რუსთაველის სახელმწიფო უნივერსიტეტის მთავარი ბიბლიოთეკა ბათუმის შოთა რუსთაველის სახელმწიფო უნივერსიტეტის მთავარი ბიბლიოთეკა წიგნსაცავი 2018-12-17 20.00 339.138(075.8) ს-15 55356 2018-12-17 55356 2018-12-17 წიგნი 20ლ.
          ბათუმის შოთა რუსთაველის სახელმწიფო უნივერსიტეტის მთავარი ბიბლიოთეკა ბათუმის შოთა რუსთაველის სახელმწიფო უნივერსიტეტის მთავარი ბიბლიოთეკა წიგნსაცავი 2018-12-17 20.00 339.138(075.8) ს-15 55357 2018-12-17 55357 2018-12-17 წიგნი 20ლ.
          ბათუმის შოთა რუსთაველის სახელმწიფო უნივერსიტეტის მთავარი ბიბლიოთეკა ბათუმის შოთა რუსთაველის სახელმწიფო უნივერსიტეტის მთავარი ბიბლიოთეკა წიგნსაცავი 2018-12-17 20.00 339.138(075.8) ს-15 55358 2018-12-17 55358 2018-12-17 წიგნი 20ლ.